000 00646na a2200217 4500
001 21616
003 MIRAKIL
005 20181213155203.0
008 170207b tu 000 0
040 _aMilas
_btur
_cTR-AnCHP
041 _atur
082 _a351.7225
_bİ15i 2007
090 _a351.7225 İ15i 2007
110 _aİçişleri Bakanlığı
245 _a2007 mali yılı kesin hesabı
_cİçişleri Bakanlığı
260 _aAnkara
_bİçişleri Bakanlığı
_c2007
300 _a47 s.
_btbl.
_c20 sm.
610 _aİçişleri Bakanlığı
_xKesin bütçe
_y2007
710 _aT.C. İçişleri Bakanlığı
942 _2ddc
_cBKS
999 _c8180
_d8180